Observatorio Chileno de Drogas: décimo primer estudio nacional de drogas en población general de Chile, 2014

Zapisane w:
Opis bibliograficzny
organizacja autorów: SENDA (Autor), Servicio Nacional para la Prevención y Rehabilitación del Consumo de Drogas y Alcohol (Autor)
Format: Książka
Język:hiszpański
Wydane: Santiago SENDA 2015
Wydanie:1a. ed
Hasła przedmiotowe:
Etykiety: Dodaj etykietę
Nie ma etykietki, Dołącz pierwszą etykiete!

MARC

LEADER 00000cam a2200000 a 4500
001 UCD1269
003 CL-VaPUC
008 160121e20150000cl |||||||||||||||||spa|d
020 |a 9789569141355 
082 0 4 |a 362.29  |b SEN  |2 21 
110 2 |a SENDA  |e author  |9 584366 
710 2 |a Servicio Nacional para la Prevención y Rehabilitación del Consumo de Drogas y Alcohol  |e author  |9 584367 
245 1 0 |a Observatorio Chileno de Drogas: décimo primer estudio nacional de drogas en población general de Chile, 2014 
250 |a 1a. ed 
300 |a 279 p 
942 |c BK 
945 |d 20160121 16:41:00  |a dcastane 
260 |a Santiago  |b SENDA  |c 2015 
650 7 |a CONTROL DE DROGAS  |2 CL-VaPUC  |9 584368 
650 0 |a Drogadicción  |9 331967 
650 7 |a TRAFICO DE ESTUPEFACIENTES  |2 CL-VaPUC  |9 519354 
650 0 |a Problemas sociales  |9 258537 
650 0 |a Consumo de drogas  |9 390009 
583 |a last modification  |c 20160121 16:41:00  |k Rodrigo Vera 
999 |c 362639  |d 362637 
952 |0 0  |1 0  |3 erb  |4 0  |6 362_290000000000000_SEN_2015  |7 0  |8 A  |9 474024  |a BIBGIM  |b BIBGIM  |i 5264243  |o 362.29 SEN 2015  |p 5264243  |r 2025-01-15  |w 2019-11-24  |y BK  |z Catalogado en:20160121  |k SSL